| 000 | 01822nam a2200553 i 4500 | ||
|---|---|---|---|
| 001 | 5518 | ||
| 003 | KOSZ 005 | ||
| 005 | 20200102120721.0 | ||
| 008 | 970510s1992 pl a f |000 0 pol | ||
| 015 | _aPB 1993/3809 | ||
| 020 | _a8320415314 | ||
| 035 | _a991000920479705066 | ||
| 035 | _a(PL-WaBN)b10283080-48omnis_nlop | ||
| 035 | _ab10283080 | ||
| 035 | _a(OCoLC)749312863 | ||
| 035 | _a(PL)b0000001028308 | ||
| 035 | _a(EXLNZ-48OMNIS_NETWORK)9910139620405606 | ||
| 040 |
_aWA N _cWA N _dKOSZ 005/EG |
||
| 041 | _apol | ||
| 046 | _k1992 | ||
| 080 | _a681.5 | ||
| 080 | _a621.3 | ||
| 080 | _a519.6 | ||
| 080 | _a(075.8) | ||
| 100 | 1 |
_aTadeusiewicz, Ryszard _d(1947- ) _eAutor |
|
| 245 | 1 | 0 |
_aSystemy wizyjne robotów przemysłowych / _cRyszard Tadeusiewicz. |
| 260 |
_aWarszawa : _bWydawnictwa Naukowo-Techniczne, _c1992. |
||
| 300 |
_a304 s. : _bfot., rys., wykr. ; _c21 cm. |
||
| 336 |
_2rdacontent _aTekst _btxt |
||
| 337 |
_2rdamedia _aBez urządzenia pośredniczącego _bn |
||
| 338 |
_2rdacarrier _aWolumin _bnc |
||
| 380 | _aKsiążki | ||
| 380 | _aPublikacje naukowe | ||
| 380 | _aPublikacje dydaktyczne | ||
| 385 |
_mPoziom nauczania _aSzkoły wyższe |
||
| 388 | _a1901-2000 | ||
| 388 | _a1989-2000 | ||
| 504 | _aBibliogr. s. 287-298 i przy rozdz. | ||
| 650 | 7 |
_aPrzetwarzanie obrazów _2DBN |
|
| 650 | 7 |
_aRoboty i manipulatory przemysłowe _2DBN |
|
| 650 | 7 |
_aSystemy informatyczne _2DBN |
|
| 655 | 7 |
_aPodręczniki akademickie _2DBN |
|
| 658 | _aInżynieria i technika | ||
| 658 | _aInformatyka i technologie informacyjne | ||
| 710 | 2 |
_aWydawnictwa Naukowo-Techniczne _4pbl |
|
| 856 |
_uhttp://koha.tu.koszalin.pl/cgi-bin/koha/opac-detail.pl?biblionumber=5518 _yKatalog online BPK |
||
| 942 |
_2UKD _cKS |
||
| 999 |
_c5518 _d5518 |
||